书目信息 |
| 题名: |
晶体管电路设计
|
|
| 作者: | 池原典利 著 ;《晶体管电路设计》翻译组 译 | |
| 分册: | ||
| 出版信息: | 北京 国防工业出版社 1970 |
|
| 页数: | 588页 | |
| 开本: | 19cm | |
| 丛书名: | ||
| 单 册: | ||
| 中图分类: | TN722.1 | |
| 科图分类: | ||
| 主题词: | 放大技术 , 放大器 | |
| 电子资源: | ||
| ISBN: | ||
| 000 | 00733nam0 2200217 45 | |
| 001 | 0405181174 | |
| 005 | 20060804103917.57 | |
| 010 | @dCNY2.30 | |
| 091 | @a15034.1214 | |
| 100 | @a20040518d1970 km y0chiy0120 ea | |
| 101 | 0 | @achi@ceng |
| 200 | 1 | @a晶体管电路设计@Ajing ti guan dian lu she ji@f(日)池原典利等著@F(ri)chi yuan dian li deng zhu@g《晶体管电路设计》翻译组译@G《jing ti guan dian lu she ji》fan yi zu yi |
| 210 | @a北京@c国防工业出版社@d1970 | |
| 215 | @a588页@d19cm | |
| 606 | 0 | @a放大技术 |
| 606 | 0 | @a放大器 |
| 690 | @aTN722.1@v3 | |
| 701 | 0 | @a池原典利@Achi yuan dian li@4著 |
| 712 | 0 | @a《晶体管电路设计》翻译组@A《jing ti guan dian lu she ji》fan yi zu@4译 |
| 801 | @aCN@bTSTCL@c20060804 | |
| 905 | @dTN722.1@e2 | |
| 晶体管电路设计/(日)池原典利等著/《晶体管电路设计》翻译组译.-北京:国防工业出版社,1970 |
| 588页;19cm |
| ISBN :CNY2.30 |
| ● |
| 相关链接 |
|
|
|
|
正题名:晶体管电路设计
索取号:TN722.1/2
 
预约/预借
| 序号 | 登录号 | 条形码 | 馆藏地/架位号 | 状态 | 备注 |
| 1 | 0009873 | 001355330 | 密集书库/ [索取号:TN722.1/2] | 在馆 | |
| 2 | 0439714 | 204397143 | 密集书库/ [索取号:TN722.1/2] | 在馆 |